000 00573cam a22002053a 4500
001 44206
003 PGUSA
005 20140828084017.0
008 131117s2013||||xxu|||||s|||||000 | eng d
040 _aPGUSA
_beng
042 _adc
100 1 _aRobinson, John H.
245 1 0 _aOld-Time Nautical Instruments
_h[electronic resource] /
_cJohn H. Robinson
260 _bProject Gutenberg,
_c2013
506 _aPublic domain in the USA.
516 _aElectronic text
830 0 _aProject Gutenberg
_v44206
856 4 0 _uhttp://www.gutenberg.org/ebooks/44206
942 _cEB
999 _c273457
_d273457